00628nam a22002057a 450000500170000001000130001702000220003003500130005203700160006504000120008108200150009310000150010824501020012326000360022527000740026130000190033565000260035465000240038070000180040420170124110034.0 aA-750842 c00.00a8185028869 aA-750842 bCen Lib/Ret aDPLbEN a384.6bDEE aDee, David aTelephone terrific :cby David Dee; illustrated by Diana Bryanbover 100 tips for phone success / aBombaybIndian Book Housec1990 bBombayaMahalaxmi Chamers, 5th Floor, 22 Bhulabhai Desai Roade400026 a171p.c20cmHb) aTelephone in business aTelephone etiquette aBryan, Diana